书目信息 |
| 题名: |
寒柳堂集
|
|
| 作者: | 陈寅格 著 | |
| 分册: | ||
| 出版信息: | 上海 古籍出版社 1980 |
|
| 页数: | 234页 | |
| 开本: | 21cm | |
| 丛书名: | ||
| 单 册: | ||
| 中图分类: | Z427 , I217.2 | |
| 科图分类: | ||
| 主题词: | 文学--作品集--中国 | |
| 电子资源: | ||
| ISBN: | ||
| 000 | 00701nam0 2200277 45 | |
| 001 | 0180003862 | |
| 005 | 20040418081858.7 | |
| 010 | @b精装@dCNY1.35 | |
| 091 | @a10186.167 | |
| 100 | @a19950515d1980 em y0chiy0121 ea | |
| 101 | 0 | @achi |
| 102 | @aCN@b310000 | |
| 105 | @ay z 000zy | |
| 106 | @ar | |
| 200 | 10 | @a寒柳堂集@Ahan liu tang ji@f陈寅恪著 |
| 210 | @a上海@c古籍出版社@d1980 | |
| 215 | @a234页@d21cm | |
| 300 | @a寒柳堂文集之一 | |
| 600 | 0 | @a陈寅恪@x文集 |
| 606 | 0 | @a文学@x作品集@x中国 |
| 690 | @aZ427@v3 | |
| 690 | @aI217.2 | |
| 701 | 0 | @a陈寅格@Achen yin ge@4著 |
| 801 | 0 | @aCN@b上海图书馆@c20040418 |
| 801 | 2 | @aCN@bNLC@c20040418 |
| 905 | @f4@b136612-615@dI217.2@e149 | |
| 寒柳堂集/陈寅恪著.-上海:古籍出版社,1980 |
| 234页;21cm |
| 寒柳堂文集之一 |
| ISBN (精装):CNY1.35 |
| ● |
| 相关链接 |
|
|
|
|
正题名:寒柳堂集
索取号:I217.2/149
 
预约/预借
| 序号 | 登录号 | 条形码 | 馆藏地/架位号 | 状态 | 备注 |
| 1 | 0136612 | 000227524 | 密集书库/ [索取号:I217.2/149] | 在馆 | |
| 2 | 0136613 | 000227454 | 密集书库/ [索取号:I217.2/149] | 在馆 | |
| 3 | 0136614 | 000227463 | 密集书库/ [索取号:I217.2/149] | 在馆 | |
| 4 | 0136615 | 000227506 | 第二借阅区/ [索取号:I217.2/149] | 在馆 | |
| 5 | 0136616 | 000227515 | 第一样本阅览室/ [索取号:I217.2/149] | 在馆 |